Estatísticas para Top 10 - Menores Países do Mundo!

Clique aqui para jogar o quiz

Estatísticas Gerais

  • Esse quiz foi jogado 260 vezes
  • A pontuação média é 7 de 10

Estatísticas das Respostas

Quilômetros quadradosPaís% Correto
0,44 km²Vaticano
99%
2,02 km²Mônaco
86%
61 km²San Marino
81%
160 km²Liechtenstein
73%
30 km²Tuvalu
68%
21,3 km²Nauru
66%
316 km²Malta
61%
181,4 km²Ilhas Marshall
53%
269 km²São Cristóvão e Névis
53%
298 km²Maldivas
44%

Distribuição das Pontuações

Percentil de Números Respondidos

Porcentagem de Pessoas com Cada Pontuação

Sua Pontuação Histórica

Você não jogou esse quiz